000 00421nam a2200145 i 4500
001 25902
003 ES-MaACL
007 t|
008 030103s1984 sp ||||1| spa d
100 1 _aArnal Verderol, Antonio.
_923034
245 1 0 _aBiologĂ­a general /
_cpor Antonio Arnal Verderol.
260 _a[Barcelona :
_bUniversitat,
_c1984]
300 _aXVII, 1149 p. :
_bil. ;
_c24 cm.
852 _aES-MaACL
_jL-7413
_bR.108123
999 _c25902
_d25902